India, an American view: a 1942 survey (Record no. 480610)

000 -LEADER
fixed length control field 00341cam a22001217a 4500
008 - FIXED-LENGTH DATA ELEMENTS--GENERAL INFORMATION
fixed length control field 180718b1943 xxu||||| |||| 00| 0 eng d
082 ## - DEWEY DECIMAL CLASSIFICATION NUMBER
Classification number F5x54 M694
100 ## - MAIN ENTRY--PERSONAL NAME
Personal name Mitchell, Kate L.
245 ## - TITLE STATEMENT
Title India, an American view: a 1942 survey
Statement of responsibility, etc. by Kate L. Mitchell
260 ## - PUBLICATION, DISTRIBUTION, ETC.
Place of publication, distribution, etc. London
Name of publisher, distributor, etc. Joan Lane
Date of publication, distribution, etc. 1943
300 ## - PHYSICAL DESCRIPTION
Extent 236p.
650 ## - SUBJECT ADDED ENTRY--TOPICAL TERM
Topical term or geographic name entry element India - Politics
Holdings
Withdrawn status Lost status Damaged status Not for loan Permanent Location Current Location Date acquired Full call number Barcode Date last seen Price effective from Koha item type
        Indian Institute of Public Administration Indian Institute of Public Administration 2018-08-04 F5x54 M694 GR2343 2018-08-04 2018-08-04 GR

Powered by Koha